000
00277nam a22001337a 4500
020
_a
93-813849-3-2
082
_a
001
_b
AMB/G
100
_a
AMBAT, GLADYS
245
_a
GLOBAL QUIZ BANK
260
_a
NEW DELHI
_b
V & S PUBLISHERS
300
_a
256
520
_a
QUIZ
942
_c
BK
999
_c
6866
_d
6866